[Event "GRE-chT 48th"]
[Site "Athens"]
[Date "2021.09.11"]
[Round "6.3"]
[White "Ergazakis, Ioannis"]
[Black "Brokalakis Gounaris, Christos"]
[Result "1-0"]
[WhiteElo "2275"]
[BlackElo "1978"]
[PlyCount "119"]
[EventDate "2021.09.07"]
[EventType "team-swiss"]
[EventRounds "7"]
[EventCountry "GRE"]
[SourceTitle "CBM 204 Extra"]
[Source "ChessBase"]
[SourceDate "2021.11.30"]
[SourceVersion "1"]
[SourceVersionDate "2021.11.30"]
[SourceQuality "1"]
[WhiteTeam "Epyk Irakliou Attykis"]
[BlackTeam "OFI"]
[WhiteTeamCountry "GRE"]
[BlackTeamCountry "GRE"]

1. d4 Nf6 2. c4 e6 3. g3 d5 4. Bg2 Bb4+ 5. Nd2 0-0 6. Ngf3 dxc4 7. Qc2 b5 8. a4 Bb7 9. axb5 a6 10. bxa6 Rxa6 11. Rxa6 Bxa6 12. 0-0 c5 13. dxc5 Qd5 14. h4 Qxc5 15. Ng5 Nbd7 16. Nde4 Qf5 17. Nxf6+ Nxf6 18. Ne4 Be7 19. Bg5 Nd5 20. Bxe7 Nxe7 21. Ra1 Qb5 22. Qa4 Qxa4 23. Rxa4 Bb5 24. Rb4 Ba6 25. Nc5 Bc8 26. Rxc4 Rd8 27. Bf3 g6 28. b4 Rd1+ 29. Kg2 Rb1 30. Ne4 Ba6 31. Rc7 Nd5 32. Ra7 Nxb4 33. Ng5 Rb2 34. Nxf7 Bxe2 35. Nh6+ Kh8 36. g4 Bxf3+ 37. Kxf3 Nd5 38. Ra8+ Kg7 39. g5 Ne7 40. Re8 Rb7 41. Ke4 Ra7 42. Ke5 Ra5+ 43. Kxe6 Ra6+ 44. Kd7 Ra7+ 45. Kd6 Ra6+ 46. Ke5 Ra5+ 47. Kf4 Ra4+ 48. Kf3 Ra3+ 49. Kg2 Ra7 50. Kh3 Ra3+ 51. Kg4 Ra4+ 52. f4 Ra7 53. h5 Rb7 54. Kf3 Rb3+ 55. Ke2 Rb2+ 56. Kd3 Rb3+ 57. Ke4 Rb4+ 58. Ke5 Rb5+ 59. Ke6 Rb6+ 60. Kxe7 1-0

[Event "GRE-chT 48th"]
[Site "Athens"]
[Date "2021.09.09"]
[Round "4.1"]
[White "Makridis, Dimitrios"]
[Black "Brokalakis Gounaris, Christos"]
[Result "1-0"]
[WhiteElo "2136"]
[BlackElo "1978"]
[PlyCount "67"]
[EventDate "2021.09.07"]
[EventType "team-swiss"]
[EventRounds "7"]
[EventCountry "GRE"]
[SourceTitle "CBM 204 Extra"]
[Source "ChessBase"]
[SourceDate "2021.11.30"]
[SourceVersion "1"]
[SourceVersionDate "2021.11.30"]
[SourceQuality "1"]
[WhiteTeam "Evoiki ES"]
[BlackTeam "OFI"]
[WhiteTeamCountry "GRE"]
[BlackTeamCountry "GRE"]

1. e4 c6 2. d4 d5 3. e5 c5 4. dxc5 e6 5. a3 Bxc5 6. b4 Bb6 7. Nf3 Ne7 8. Bd3 Nbc6 9. Bb2 Ng6 10. 0-0 Bd7 11. g3 Qc7 12. Qe2 0-0 13. Nbd2 Rfc8 14. c4 dxc4 15. Nxc4 Be8 16. Rac1 Qe7 17. h4 Rd8 18. h5 Nf8 19. h6 Nd4 20. Nxd4 Bxd4 21. hxg7 Ng6 22. Bxg6 fxg6 23. Bxd4 Rxd4 24. Nd6 Bc6 25. b5 Bd5 26. f4 Qxg7 27. Rf2 Qd7 28. Qe3 Ra4 29. Rfc2 Rf8 30. Rc8 Rxc8 31. Rxc8+ Kg7 32. Rc1 Kg8 33. Rc8+ Kg7 34. Rc7 1-0

[Event "GRE-chT Online Rapid op 1st"]
[Site "Tornelo INT"]
[Date "2021.02.21"]
[Round "5.3"]
[White "Brokalakis Gounaris, Christos"]
[Black "Apostolakakis, Konstantinos"]
[Result "1/2-1/2"]
[WhiteElo "1996"]
[BlackElo "2074"]
[PlyCount "86"]
[EventDate "2021.02.20"]
[EventType "team-swiss (rapid)"]
[EventRounds "9"]
[EventCountry "GRE"]
[SourceTitle "EXT 2023"]
[Source "ChessBase"]
[SourceDate "2022.10.05"]
[SourceVersion "1"]
[SourceVersionDate "2022.10.05"]
[SourceQuality "1"]

1. d4 Nf6 2. c4 e6 3. Nc3 Bb4 4. Qc2 0-0 5. e4 d6 6. a3 Bxc3+ 7. bxc3 e5 8. Bd3 h6 9. Ne2 Re8 10. 0-0 b6 11. f4 Nbd7 12. Ng3 Bb7 13. fxe5 dxe5 14. d5 Nc5 15. Nf5 Bc8 16. Be3 Bxf5 17. Rxf5 Nfd7 18. Raf1 f6 19. Be2 Nb7 20. R5f3 Nd6 21. Rg3 Kh7 22. Bh5 Re7 23. Bg6+ Kh8 24. Qd2 Nxc4 25. Qc1 Nxe3 26. Qxe3 Nf8 27. Bf5 Qd6 28. c4 a5 29. Rff3 a4 30. Rf2 Rb8 31. Rb2 Ree8 32. Rb4 Ra8 33. Rh3 Re7 34. Rg3 Ree8 35. h4 Reb8 36. Kh2 Qc5 37. Qe2 Ra5 38. Qg4 Qe7 39. h5 Rba8 40. Qd1 Qe8 41. Qg4 Qe7 42. Qd1 Qe8 43. Qg4 Qe7 1/2-1/2

[Event "GRE-chT Online Rapid op 1st"]
[Site "Tornelo INT"]
[Date "2021.02.21"]
[Round "7.5"]
[White "Brokalakis Gounaris, Christos"]
[Black "Makridis, Dimitrios"]
[Result "0-1"]
[WhiteElo "1996"]
[BlackElo "2226"]
[PlyCount "70"]
[EventDate "2021.02.20"]
[EventType "team-swiss (rapid)"]
[EventRounds "9"]
[EventCountry "GRE"]
[SourceTitle "EXT 2023"]
[Source "ChessBase"]
[SourceDate "2022.10.05"]
[SourceVersion "1"]
[SourceVersionDate "2022.10.05"]
[SourceQuality "1"]

1. Nf3 d5 2. d4 Nf6 3. g3 Bf5 4. Bg2 e6 5. 0-0 c6 6. c4 Nbd7 7. Nc3 Be7 8. b3 h6 9. Bb2 0-0 10. Re1 Ne4 11. Nd2 Ndf6 12. Ncxe4 Nxe4 13. Nxe4 Bxe4 14. f3 Bg6 15. e4 dxc4 16. bxc4 e5 17. dxe5 Qb6+ 18. Bd4 Bc5 19. Bxc5 Qxc5+ 20. Kh1 Qxe5 21. f4 Qe7 22. f5 Bh7 23. Qf3 f6 24. Rad1 Kh8 25. Qe3 Rfe8 26. Rd3 b6 27. g4 Bg8 28. Rc1 Rad8 29. Rxd8 Rxd8 30. e5 fxe5 31. Bxc6 Rd4 32. Rf1 Qc5 33. Bf3 Bxc4 34. Rg1 Bd5 35. h3 Rf4 0-1

[Event "GRE-ch U18 23rd"]
[Site "Rethymno"]
[Date "2020.01.06"]
[Round "7"]
[White "Papidakis, Georgios"]
[Black "Brokalakis Gounaris, Christos"]
[Result "1-0"]
[WhiteElo "1899"]
[BlackElo "2024"]
[PlyCount "129"]
[EventDate "2020.01.02"]
[EventType "swiss"]
[EventRounds "9"]
[EventCountry "GRE"]
[SourceTitle "EXT 2021"]
[Source "ChessBase"]
[SourceDate "2020.10.23"]
[SourceVersion "1"]
[SourceVersionDate "2020.10.23"]
[SourceQuality "1"]

1. d4 d5 2. c4 e6 3. Nc3 a6 4. e3 Nf6 5. Nf3 Be7 6. b3 0-0 7. Bd3 b6 8. cxd5 exd5 9. 0-0 Bb7 10. Bb2 Nbd7 11. Rc1 Bd6 12. Ne2 Re8 13. Ng3 Ne4 14. Nf5 Bf8 15. Ne5 g6 16. Nxd7 Qxd7 17. Nh4 Bd6 18. Nf3 f6 19. Nd2 Nxd2 20. Qxd2 Re7 21. Rc2 Rf8 22. Bc3 f5 23. Bb4 f4 24. exf4 Rxf4 25. Bxd6 Qxd6 26. Be2 Qf6 27. Qc1 c6 28. Rd2 Rxd4 29. Rxd4 Qxd4 30. Bf3 Qe5 31. h4 c5 32. Rd1 Kg7 33. Qa3 Rf7 34. b4 c4 35. Qe3 Qxe3 36. fxe3 Rd7 37. Rd4 Kf6 38. Kf2 Ke5 39. Ke2 Bc6 40. Kd2 a5 41. bxa5 Ra7 42. axb6 Rxa2+ 43. Kc3 Ra5 44. Rxc4 dxc4 45. Bxc6 Kd6 46. b7 Kc7 47. Kxc4 Rh5 48. g3 Ra5 49. Kd4 g5 50. h5 g4 51. Bd5 Ra6 52. Ke5 Rh6 53. Kf4 Rxh5 54. e4 h6 55. Kxg4 Rg5+ 56. Kf4 Rg7 57. g4 Rg5 58. e5 Rg7 59. e6 Rg8 60. Ke5 Re8 61. Be4 Rf8 62. e7 Re8 63. Ke6 Rb8 64. Kf7 Kd7 65. Bf5+ 1-0

[Event "GRE-chT U16"]
[Site "Thessaloniki"]
[Date "2019.11.29"]
[Round "2.1"]
[White "Patrelakis, Evaggelos"]
[Black "Brokalakis Gounaris, Christos"]
[Result "1-0"]
[WhiteElo "2284"]
[BlackElo "2038"]
[PlyCount "91"]
[EventDate "2019.11.28"]
[EventType "team-swiss"]
[EventRounds "6"]
[EventCountry "GRE"]
[SourceTitle "CBM 193 Extra"]
[Source "ChessBase"]
[SourceDate "2020.01.31"]
[SourceVersion "1"]
[SourceVersionDate "2020.01.31"]
[SourceQuality "1"]
[WhiteTeam "Chanion"]
[BlackTeam "OFI"]
[WhiteTeamCountry "GRE"]
[BlackTeamCountry "GRE"]

1. e4 c6 2. d4 d5 3. e5 c5 4. dxc5 e6 5. Be3 Nd7 6. Nf3 Bxc5 7. Bxc5 Nxc5 8. Nc3 Ne7 9. Bd3 Ng6 10. g3 Bd7 11. Qe2 Nxd3+ 12. Qxd3 Qc7 13. Qe3 b5 14. 0-0-0 Rc8 15. Rd2 0-0 16. Kb1 a5 17. h4 d4 18. Qxd4 Bc6 19. Ne4 Rfd8 20. Qe3 Rxd2 21. Nfxd2 Nxe5 22. Rc1 Bd5 23. Nc3 Bc6 24. f4 Nd7 25. Ne2 Bd5 26. Nc3 Bc6 27. h5 h6 28. Nce4 Bd5 29. g4 Nb6 30. g5 hxg5 31. fxg5 Nc4 32. Nxc4 Bxe4 33. Qxe4 Qxc4 34. Qe3 Qc5 35. Qd2 Qd5 36. Qf4 Qf5 37. Qg3 Rc5 38. g6 fxg6 39. hxg6 Kf8 40. Qd6+ Ke8 41. Qb8+ Ke7 42. Qa7+ Ke8 43. Qxg7 b4 44. Ka1 b3 45. Rh1 Qh5 46. Rxh5 1-0

[Event "Heraklion op 27th"]
[Site "Heraklion"]
[Date "2019.09.07"]
[Round "6"]
[White "Brokalakis Gounaris, Christos"]
[Black "Ivanov, Mike"]
[Result "1-0"]
[WhiteElo "1977"]
[BlackElo "2177"]
[PlyCount "121"]
[EventDate "2019.09.03"]
[EventType "swiss"]
[EventRounds "9"]
[EventCountry "GRE"]
[SourceTitle "EXT 2020"]
[Source "ChessBase"]
[SourceDate "2019.10.17"]
[SourceVersion "1"]
[SourceVersionDate "2019.10.17"]
[SourceQuality "1"]

1. Nf3 Nc6 2. d4 d5 3. Bf4 Bg4 4. e3 e6 5. c4 Bd6 6. Bg3 Nge7 7. Nc3 Qd7 8. Be2 h5 9. a3 dxc4 10. Bxc4 Nf5 11. Be2 0-0-0 12. Qc2 Nxg3 13. hxg3 a6 14. 0-0-0 Kb8 15. Kb1 Bf5 16. Bd3 Bxd3 17. Rxd3 f6 18. Rc1 g5 19. Ne4 Qh7 20. Rc3 Qf5 21. Ka1 Ka7 22. Nfd2 Be7 23. Nb3 Rd5 24. Rxc6 bxc6 25. Qxc6 Rb8 26. Nec5 Bxc5 27. Nxc5 Rxc5 28. Qxc5+ Qxc5 29. Rxc5 Kb6 30. Rc1 Rh8 31. b3 f5 32. Kb2 h4 33. Rh1 Rg8 34. gxh4 gxh4 35. Rh2 Kc6 36. Kc3 Kd5 37. Kd3 c5 38. dxc5 Kxc5 39. f3 a5 40. e4 Rd8+ 41. Ke3 Rb8 42. exf5 Rxb3+ 43. Kf4 Rxa3 44. fxe6 Kd6 45. Kf5 Re3 46. Rxh4 Re5+ 47. Kf4 a4 48. e7 Rxe7 49. Rh6+ Kc5 50. Ra6 Kb5 51. Ra8 Kb4 52. g4 Rf7+ 53. Kg3 a3 54. f4 Kb3 55. f5 Rb7 56. f6 a2 57. Kh4 Rb6 58. Kg5 Rb5+ 59. Kh6 Rb4 60. Rxa2 Kxa2 61. g5 1-0

[Event "Heraklion op 27th"]
[Site "Heraklion"]
[Date "2019.09.06"]
[Round "5"]
[White "Brokalakis Gounaris, Christos"]
[Black "Kotsinis, Alexandros"]
[Result "1-0"]
[WhiteElo "1977"]
[BlackElo "1951"]
[PlyCount "71"]
[EventDate "2019.09.03"]
[EventType "swiss"]
[EventRounds "9"]
[EventCountry "GRE"]
[SourceTitle "EXT 2020"]
[Source "ChessBase"]
[SourceDate "2019.10.17"]
[SourceVersion "1"]
[SourceVersionDate "2019.10.17"]
[SourceQuality "1"]

1. d4 e6 2. c4 b6 3. Nc3 Bb7 4. a3 Nf6 5. Nf3 Be7 6. e3 0-0 7. Be2 d6 8. 0-0 c5 9. Qc2 cxd4 10. Nxd4 Nc6 11. Nxc6 Bxc6 12. b3 Qc7 13. Bb2 Qb7 14. f3 Rac8 15. Bd3 h5 16. Qe2 h4 17. Rad1 Rcd8 18. e4 a5 19. Bb1 d5 20. e5 Nh5 21. cxd5 exd5 22. Qd3 g6 23. Ne2 d4 24. Bxd4 Nf4 25. Qd2 Nxe2+ 26. Qxe2 Rxd4 27. Rxd4 Bc5 28. Qf2 b5 29. b4 axb4 30. axb4 Bb6 31. Kh1 Qa7 32. Rfd1 h3 33. Qd2 Qe7 34. Qf4 hxg2+ 35. Kxg2 Bc7 36. Qf6 1-0

[Event "GRE-ch U16"]
[Site "Patras"]
[Date "2019.06.30"]
[Round "8.4"]
[White "Vardakas, Grigorios"]
[Black "Brokalakis Gounaris, Christos"]
[Result "1/2-1/2"]
[WhiteElo "2045"]
[BlackElo "1949"]
[PlyCount "91"]
[EventDate "2019.06.25"]
[EventType "swiss"]
[EventRounds "9"]
[EventCountry "GRE"]
[SourceTitle "EXT 2020"]
[Source "ChessBase"]
[SourceDate "2019.10.17"]
[SourceVersion "1"]
[SourceVersionDate "2019.10.17"]
[SourceQuality "1"]
[WhiteTeam "Greece"]
[BlackTeam "Greece"]
[WhiteTeamCountry "GRE"]
[BlackTeamCountry "GRE"]

1. Nf3 d5 2. d4 e6 3. g3 a6 4. Bg2 Nf6 5. 0-0 b5 6. a4 Bb7 7. axb5 axb5 8. Rxa8 Bxa8 9. Nbd2 Bd6 10. Nb3 Nbd7 11. Bf4 0-0 12. Bxd6 cxd6 13. Qd3 Qc7 14. e3 Rb8 15. Ra1 h6 16. Bf1 Nb6 17. Nbd2 e5 18. Qb3 Nc4 19. Qb4 Bc6 20. b3 Nxd2 21. Nxd2 Bd7 22. c3 Rc8 23. Nb1 Ne4 24. Bxb5 Bxb5 25. Qxb5 Nxc3 26. Nxc3 Qxc3 27. Rd1 Qc2 28. Rf1 exd4 29. exd4 Qe4 30. Rd1 Qf3 31. Qd3 Rc3 32. Qxf3 Rxf3 33. Rb1 Rd3 34. b4 Rxd4 35. b5 Rc4 36. b6 Rc8 37. b7 Rb8 38. Kf1 Kf8 39. Ke2 Ke7 40. Kd3 Kd7 41. Kd4 Kc6 42. Rc1+ Kd7 43. Rb1 Kc6 44. Rc1+ Kd7 45. Rb1 Kc6 46. Rc1+ 1/2-1/2

[Event "GRE-ch U16"]
[Site "Patras"]
[Date "2019.06.29"]
[Round "7.3"]
[White "Brokalakis Gounaris, Christos"]
[Black "Kouvidis, Ioannis"]
[Result "1/2-1/2"]
[WhiteElo "1949"]
[BlackElo "2053"]
[PlyCount "64"]
[EventDate "2019.06.25"]
[EventType "swiss"]
[EventRounds "9"]
[EventCountry "GRE"]
[SourceTitle "EXT 2020"]
[Source "ChessBase"]
[SourceDate "2019.10.17"]
[SourceVersion "1"]
[SourceVersionDate "2019.10.17"]
[SourceQuality "1"]
[WhiteTeam "Greece"]
[BlackTeam "Greece"]
[WhiteTeamCountry "GRE"]
[BlackTeamCountry "GRE"]

1. c4 Nf6 2. Nc3 g6 3. d4 d5 4. cxd5 Nxd5 5. e4 Nxc3 6. bxc3 Bg7 7. Bc4 c5 8. Ne2 Nc6 9. Be3 0-0 10. 0-0 b6 11. Rc1 Bb7 12. Qd2 e6 13. Rfd1 Rc8 14. f3 cxd4 15. cxd4 Qd6 16. Bh6 Bxh6 17. Qxh6 Na5 18. Bd3 Rxc1 19. Rxc1 Rd8 20. Qe3 Nc6 21. Bb5 Rc8 22. g3 Ne7 23. Rxc8+ Nxc8 24. Kf2 Bc6 25. Bxc6 Qxc6 26. Qc3 Qd7 27. Ke3 Ne7 28. Nf4 Qd6 29. Nd3 Nc6 30. Qc4 Na5 31. Qc8+ Kg7 32. Qc3 Kg8 1/2-1/2

[Event "GRE-ch U16"]
[Site "Patras"]
[Date "2019.06.26"]
[Round "2.4"]
[White "Brokalakis Gounaris, Christos"]
[Black "Leftheriotis, Alexandros"]
[Result "1/2-1/2"]
[WhiteElo "1949"]
[BlackElo "2053"]
[PlyCount "66"]
[EventDate "2019.06.25"]
[EventType "swiss"]
[EventRounds "9"]
[EventCountry "GRE"]
[SourceTitle "EXT 2020"]
[Source "ChessBase"]
[SourceDate "2019.10.17"]
[SourceVersion "1"]
[SourceVersionDate "2019.10.17"]
[SourceQuality "1"]
[WhiteTeam "Greece"]
[BlackTeam "Greece"]
[WhiteTeamCountry "GRE"]
[BlackTeamCountry "GRE"]

1. Nf3 Nf6 2. g3 g6 3. Bg2 Bg7 4. 0-0 0-0 5. d4 d6 6. b3 b5 7. Ne1 c6 8. Nd3 Qb6 9. Bb2 Bb7 10. Nd2 Nbd7 11. c4 Rfe8 12. Rc1 a5 13. Qc2 Rac8 14. Rfe1 Qa7 15. e4 e5 16. dxe5 Nxe5 17. Nxe5 dxe5 18. Nf3 Qb8 19. Rcd1 Re7 20. Bh3 Rce8 21. Qd3 Ba6 22. cxb5 cxb5 23. Qd6 Qa8 24. Bg2 Rd7 25. Qb6 Rxd1 26. Rxd1 Bb7 27. Bxe5 Nxe4 28. Bxg7 Kxg7 29. Rd7 Bd5 30. Qd4+ Nf6 31. Rd6 Re6 32. Rxe6 Bxe6 33. Ne5 Qc8 1/2-1/2

[Event "GRE-ch U16"]
[Site "Patras"]
[Date "2019.06.25"]
[Round "1.12"]
[White "Topalidis, Ioannis D"]
[Black "Brokalakis Gounaris, Christos"]
[Result "0-1"]
[WhiteElo "1508"]
[BlackElo "1949"]
[PlyCount "104"]
[EventDate "2019.06.25"]
[EventType "swiss"]
[EventRounds "9"]
[EventCountry "GRE"]
[SourceTitle "EXT 2020"]
[Source "ChessBase"]
[SourceDate "2019.10.17"]
[SourceVersion "1"]
[SourceVersionDate "2019.10.17"]
[SourceQuality "1"]
[WhiteTeam "Greece"]
[BlackTeam "Greece"]
[WhiteTeamCountry "GRE"]
[BlackTeamCountry "GRE"]

1. e4 e5 2. Nf3 Nc6 3. Bb5 a6 4. Bxc6 dxc6 5. d4 exd4 6. Qxd4 Qxd4 7. Nxd4 Bd7 8. Be3 0-0-0 9. Nd2 c5 10. Ne2 Bd6 11. 0-0-0 Bc6 12. f3 Ne7 13. Nc4 Rhe8 14. Bf4 Nf5 15. Nxd6+ Nxd6 16. Nc3 b5 17. Nd5 Kb7 18. Rhe1 h6 19. g4 f6 20. Bxd6 cxd6 21. Nf4 Re5 22. Ng6 Re6 23. Nf4 Re7 24. Ng6 Ree8 25. Nf4 Rd7 26. c3 a5 27. Kc2 a4 28. Nd5 Rf8 29. h4 Ra8 30. a3 Re8 31. Rd2 Bxd5 32. Rxd5 Re5 33. Red1 Rxd5 34. Rxd5 Kc6 35. Kd3 Re7 36. f4 g6 37. g5 hxg5 38. fxg5 f5 39. Rxf5 gxf5 40. exf5 Kd5 41. f6 Rd7 42. g6 Ke6 43. f7 Rd8 44. h5 Kf6 45. Ke4 d5+ 46. Ke3 d4+ 47. cxd4 cxd4+ 48. Kd3 Kg7 49. Ke2 d3+ 50. Kd2 Kf6 51. f8Q+ Rxf8 52. Kxd3 Rh8 0-1

[Event "GRE-chT 46th"]
[Site "Rio Achaia"]
[Date "2018.07.13"]
[Round "5.5"]
[White "Gkikas, Ioannis"]
[Black "Brokalakis Gounaris, Christos"]
[Result "1/2-1/2"]
[WhiteElo "1553"]
[BlackElo "1901"]
[PlyCount "60"]
[EventDate "2018.07.10"]
[EventType "team"]
[EventRounds "7"]
[EventCountry "GRE"]
[SourceTitle "CBM 185 Extra"]
[Source "ChessBase"]
[SourceDate "2018.07.29"]
[SourceVersion "1"]
[SourceVersionDate "2018.07.29"]
[SourceQuality "1"]
[WhiteTeam "Heraklion Contact"]
[BlackTeam "The Christ of Chania"]
[WhiteTeamCountry "GRE"]
[BlackTeamCountry "GRE"]

1. e4 e5 2. Nf3 Nc6 3. d4 exd4 4. Nxd4 Nf6 5. Nxc6 bxc6 6. e5 Qe7 7. Qe2 Nd5 8. h4 d6 9. c4 Nb6 10. exd6 Qxe2+ 11. Bxe2 cxd6 12. Nc3 Be7 13. Bf4 Be6 14. 0-0-0 0-0-0 15. b3 d5 16. cxd5 Nxd5 17. Ba6+ Kd7 18. Nxd5 Bxd5 19. Rhe1 Bd6 20. Bxd6 Kxd6 21. g3 Rhe8 22. Rxe8 Rxe8 23. Bc4 Kc5 24. Bxd5 cxd5 25. Kd2 Re7 26. Kd3 a5 27. Rc1+ Kd6 28. Rc8 Rb7 29. Ra8 Rb5 30. Ra7 Ke6 1/2-1/2

[Event "Hersonissos op 2nd"]
[Site "Hersonissos"]
[Date "2018.06.21"]
[Round "6"]
[White "Kotsinis, Alexandros"]
[Black "Brokalakis Gounaris, Christos"]
[Result "0-1"]
[WhiteElo "1655"]
[BlackElo "1851"]
[PlyCount "114"]
[EventDate "2018.06.17"]
[EventType "swiss"]
[EventRounds "9"]
[EventCountry "GRE"]
[SourceTitle "CBM 185 Extra"]
[Source "ChessBase"]
[SourceDate "2018.07.29"]
[SourceVersion "1"]
[SourceVersionDate "2018.07.29"]
[SourceQuality "1"]

1. d4 Nf6 2. c4 e6 3. g3 d5 4. Nf3 dxc4 5. Bg2 Bb4+ 6. Bd2 c5 7. 0-0 0-0 8. Na3 Nc6 9. dxc5 Bxc5 10. Nxc4 Nd5 11. Rc1 Qe7 12. a3 b5 13. b4 bxc4 14. bxc5 Qxc5 15. Qc2 Ba6 16. Ng5 g6 17. e4 Nde7 18. Be3 Qa5 19. e5 Rac8 20. f4 Qxa3 21. Qf2 Nb8 22. Ra1 Qc3 23. Ne4 Qd3 24. Rfd1 Qb3 25. Rdb1 Qd3 26. Nc5 Qd8 27. Nxa6 Nxa6 28. Rxa6 Nf5 29. Bc5 Qd3 30. Rb7 c3 31. Bf1 Qd5 32. Rb5 Rfd8 33. Ra2 Qd1 34. Qc2 Qe1 35. Bf2 Qd1 36. Qxd1 Rxd1 37. Rc5 Rb8 38. Kg2 Rb2 39. Rxa7 Ne3+ 40. Kf3 Rxf1 41. Kxe3 c2 42. Rac7 Rxf2 43. h4 Rg2 44. Kf3 h5 45. Rc3 Rh2 46. R7c5 Ra2 47. Rc7 Kg7 48. Rc8 Rd2 49. R8c7 c1Q 50. Rxc1 Rd3+ 51. Ke4 Rxg3 52. R1c4 Raa3 53. Rc2 Ra4+ 54. R2c4 Rxc4+ 55. Rxc4 Rh3 56. Rb4 Rxh4 57. Kf3 g5 0-1

[Event "Hersonissos op 2nd"]
[Site "Hersonissos"]
[Date "2018.06.19"]
[Round "4"]
[White "Lobersli, Henrik Oie"]
[Black "Brokalakis Gounaris, Christos"]
[Result "1-0"]
[WhiteElo "2134"]
[BlackElo "1851"]
[PlyCount "51"]
[EventDate "2018.06.17"]
[EventType "swiss"]
[EventRounds "9"]
[EventCountry "GRE"]
[SourceTitle "CBM 185 Extra"]
[Source "ChessBase"]
[SourceDate "2018.07.29"]
[SourceVersion "1"]
[SourceVersionDate "2018.07.29"]
[SourceQuality "1"]

1. e4 e5 2. Nf3 Nc6 3. Bb5 a6 4. Ba4 Nf6 5. 0-0 Be7 6. Re1 b5 7. Bb3 0-0 8. h3 d6 9. c3 Na5 10. Bc2 c5 11. d4 Nc6 12. d5 Na5 13. b3 Re8 14. Nbd2 Bf8 15. Nf1 Bd7 16. Ng3 g6 17. Nh2 Bg7 18. f4 Qb6 19. Kh1 exf4 20. Bxf4 Bc8 21. Qf3 Ra7 22. Bg5 Nd7 23. Ng4 Ne5 24. Nf6+ Kh8 25. Qf4 Rf8 26. Qh4 1-0

[Event "Heraklion op 23rd"]
[Site "Heraklion"]
[Date "2018.04.15"]
[Round "9"]
[White "Papidakis, Georgios"]
[Black "Brokalakis Gounaris, Christos"]
[Result "1/2-1/2"]
[WhiteElo "1739"]
[BlackElo "1903"]
[PlyCount "123"]
[EventDate "2018.04.09"]
[EventType "swiss"]
[EventRounds "9"]
[EventCountry "GRE"]
[SourceTitle "CBM 184 Extra"]
[Source "ChessBase"]
[SourceDate "2018.06.28"]
[SourceVersion "1"]
[SourceVersionDate "2018.06.28"]
[SourceQuality "1"]

1. d4 Nf6 2. Bf4 d5 3. e3 c5 4. c3 Nc6 5. Nd2 Bf5 6. Ngf3 Qb6 7. Nh4 Bd7 8. Qb3 c4 9. Qc2 Nh5 10. Bg3 e6 11. e4 Nxg3 12. hxg3 Be7 13. e5 Qd8 14. Be2 b5 15. a3 a5 16. f4 b4 17. axb4 axb4 18. Rxa8 Qxa8 19. Kf2 Qa2 20. Qb1 Qxb1 21. Rxb1 Kd8 22. Ra1 Kc7 23. Nhf3 Kb7 24. Ne1 Ra8 25. Rxa8 Kxa8 26. Nc2 Ka7 27. Ne3 Kb6 28. Bd1 Ka5 29. Ke2 Na7 30. Nb1 Ba4 31. Kd2 Nb5 32. Bxa4 Kxa4 33. Kc2 Bd8 34. Nd1 Bb6 35. Ne3 g6 36. Ng4 Bxd4 37. cxd4 Nxd4+ 38. Kc1 Ne2+ 39. Kc2 Nxg3 40. Nd2 Ne2 41. Nh6 b3+ 42. Kb1 Kb4 43. Nxf7 d4 44. Nf3 c3 45. bxc3+ dxc3 46. Ne1 Nd4 47. Nd6 c2+ 48. Kb2 Ne2 49. Nxc2+ bxc2 50. Kxc2 Nxf4 51. g3 Ne2 52. g4 h5 53. gxh5 gxh5 54. Kd3 Ng3 55. Ke3 Kc5 56. Kf4 h4 57. Kg4 Nf5 58. Nxf5 exf5+ 59. Kxf5 h3 60. e6 Kd6 61. Kf6 h2 62. e7 1/2-1/2